000
00364nam a2200145Ia 4500
008
090124s9999 xx 000 0 und d
082
_b
201803
245
_a
कालकूट
250
_a
3
260
_b
आपटे हरी नारायण
_c
1964
300
_a
124
630
_a
कालकूट
730
_a
कालकूट
942
_c
BOOK
999
_c
183384
_d
183384